| 000 | 00617nam a22001817a 4500 | ||
|---|---|---|---|
| 003 | OSt | ||
| 005 | 20251121101541.0 | ||
| 008 | 251121b |||||||| |||| 00| 0 eng d | ||
| 020 | _a971-8510-86-5 | ||
| 040 |
_aDWCL-Admin lib _cOC |
||
| 082 | _aFil. 624.18341 B554f 2007 | ||
| 100 | _aBesavilla, Venancio I., Jr. | ||
| 245 |
_aFundamentals of reinforced concrete : USD method using NSCP specifications / _cVenancio I. Besavilla, Jr. |
||
| 260 |
_aCebu City : _bVIB Pub., _cc2007. |
||
| 300 |
_a583 p. : ill. ; _c22 cm. |
||
| 650 | _a1. Reinforced concrete-Problems, exercises, etc. | ||
| 942 |
_2ddc _cBK - FIL _kFil. _n0 |
||
| 999 |
_c5971 _d5971 |
||